00975nam a2200217 a 4500001001000000005001700010008004100027050002400068100003400092245009000126260004000216300003200256500018900288500003700477504003200514600004800546650003500594650006800629700003000697700003000727BRCA_163820190320203504.0220408s1999-------a---###---#000-0#ita-# 4aND673.R8b.R83 19991 aRubens, Peter Pauld1577-164010aRubens e il Suo Secoloca cura di Matías Díaz Padrón, Aída Padrón Mérida. aFerrara, ItaliabFerrara Artec1999 a203 p.bil. a colorc32 cm. aCatálogo de la exposición realizada en el Museo Nacional de San Carlos (ciudad de México), 5 noviembre 1998 - 28 febrero 1999 y en Palazzo dei Diamanti, 28 marzo - 27 junio, 1999 aIncluye biografías de pintores aBibliografía : p. 195-20214aRubens, Peter Pauld1577-1640vExposiciones14aPintura flamencavExposiciones14aPintura modernavExposicionesySiglo XVIIzBélgica (Alemania)1 aDíaz Padrón, Matías1 aPadrón Mérida, Aída